| 000 | 00686nam a22002177a 4500 | ||
|---|---|---|---|
| 003 | UA-OsUOA | ||
| 001 | 118780 | ||
| 007 | ta | ||
| 008 | 20160915b un ||||| |||| 00| 0 ukr d | ||
| 090 |
_a82.09(477) _bТ28 |
||
| 942 | _cBK | ||
| 040 |
_aUA-OsUOA _bukr _cUA-OsUOA _dUA-OsUOA |
||
| 245 |
_aТворчість Микуоли Невидайла. Рецепція та інтерпретація _bзбірник статей _cМ. Невидайло |
||
| 300 | _a52 с. | ||
| 955 | _a1 | ||
| 041 | _aukr | ||
| 080 | _a82.09(477) | ||
| 260 |
_aУжгород _bГрафіка _c2015 |
||
| 650 | 7 |
_a82 Література. Літературознавство _2UDC |
|
| 999 |
_c404886 _d404886 |
||